Zvýšenie efektívnosti výberu daní vs. zlepšenie medzinárodnej výmeny informácií
Medzinárodná spolupráca a výmena informácií správcu dane v Slovenskej republike. Vybrané krajiny s najvyšším počtom vymenených informácií. Priemerná doba vybavenia dožiadania v mesiacoch. Povinnosť podávať súhrnné výkazy, ktoré obsahujú údaje o dodaniach tovarov osobám identifikovaným pre DPH do iný...
Salvato in:
| Autore principale: | |
|---|---|
| Natura: | Capitolo di libro |
| Lingua: | slovacco |
| Soggetti: | |
| Tags: |
Nessun Tag, puoi essere il primo ad aggiungerne!!
|
MARC
| LEADER | 00000nla a2200000 4500 | ||
|---|---|---|---|
| 001 | 0213510 | ||
| 005 | 20240502073548.1 | ||
| 041 | 0 | |a slo | |
| 044 | |a SK | ||
| 245 | 1 | 0 | |a Zvýšenie efektívnosti výberu daní vs. zlepšenie medzinárodnej výmeny informácií |c Jana Kušnírová |
| 520 | |a Medzinárodná spolupráca a výmena informácií správcu dane v Slovenskej republike. Vybrané krajiny s najvyšším počtom vymenených informácií. Priemerná doba vybavenia dožiadania v mesiacoch. Povinnosť podávať súhrnné výkazy, ktoré obsahujú údaje o dodaniach tovarov osobám identifikovaným pre DPH do iných členských štátov. Medzinárodná spolupráca správcu dane v SR po vstupe SR do EÚ. Finančný efekt z medzinárodnej výmeny informácii. | ||
| 610 | 2 | 0 | |a dane z príjmov |
| 610 | 2 | 0 | |a dane z hodnoty pridanej |
| 610 | 2 | 0 | |a správa daňová |
| 610 | 2 | 0 | |a informácie |
| 610 | 2 | 0 | |a spolupráca medzinárodná |
| 610 | 2 | 0 | |a Slovensko |
| 610 | 2 | 0 | |a Európska únia |
| 100 | 1 | |a Kušnírová, Jana, 1977- | |